[Event "Moscow Smyslov-A"]
[Site "Moscow"]
[Date "2025.06.08"]
[Round "7"]
[White "Esipenko, Aleksandr"]
[Black "Mikhnenko, Alexander"]
[Result "1-0"]
[WhiteElo "2023"]
[BlackElo "2066"]
[PlyCount "169"]
[EventDate "2025.06.02"]
[EventType "swiss"]
[EventRounds "8"]
[EventCountry "RUS"]
[SourceTitle "CB29_2025"]
[SourceDate "2025.07.16"]
[SourceVersion "1"]
[SourceVersionDate "2025.07.16"]
[SourceQuality "1"]

1. e4 c5 2. Nf3 e6 3. c4 Nc6 4. Nc3 Nd4 5. d3 Ne7 6. Be3 Nec6 7. Be2 a6 8. 0-0 Rb8 9. Qd2 Be7 10. Ne1 b5 11. f4 b4 12. Nd1 d5 13. Nf2 0-0 14. Rc1 dxe4 15. dxe4 f5 16. e5 Qa5 17. b3 Bb7 18. Bd3 Rbd8 19. Rd1 Rd7 20. Qb2 Rfd8 21. Bb1 h6 22. Nfd3 Nb8 23. Qf2 Be4 24. Rd2 Nbc6 25. Qg3 Kh7 26. Rff2 Qb6 27. Rd1 a5 28. Rfd2 a4 29. Nf2 Bxb1 30. Rxb1 axb3 31. axb3 Na5 32. Bxd4 Rxd4 33. Rxd4 Rxd4 34. Nf3 Rd7 35. Qh3 Nc6 36. g4 Nd4 37. Nxd4 Rxd4 38. gxf5 Rxf4 39. fxe6 Bh4 40. Nd3 Rd4 41. Rf1 Qd8 42. Qf5+ Kg8 43. Nf4 Rd1 44. Nd5 Rxf1+ 45. Kxf1 Qe8 46. Ke2 Bg5 47. Qg4 Qa8 48. Kf2 Qa2+ 49. Qe2 Qxb3 50. e7 Qa4 51. Qh5 Qc2+ 52. Kg3 Qd3+ 53. Kg2 Qe4+ 54. Kf1 Qxc4+ 55. Kg1 Qd4+ 56. Kf1 Qd3+ 57. Kg1 Qd4+ 58. Kg2 Qb2+ 59. Kf1 Qa1+ 60. Kf2 Qd4+ 61. Kg2 Qe4+ 62. Kg1 Qd4+ 63. Kg2 Qe4+ 64. Kg1 Qb1+ 65. Kf2 Qc2+ 66. Kf1 Bxe7 67. Nxe7+ Kh7 68. Qf7 Qd1+ 69. Kf2 Qd2+ 70. Kg3 Qe3+ 71. Kg4 Qe4+ 72. Qf4 Qg2+ 73. Kf5 Qc2+ 74. Ke6 b3 75. Qf8 Qc4+ 76. Kd6 b2 77. Qf5+ Kh8 78. e6 Qa6+ 79. Ke5 Qe2+ 80. Kd5 Qd1+ 81. Kc6 Qa4+ 82. Kd6 Qa8 83. Ng6+ Kh7 84. Nf8+ Kg8 85. Qh7+ 1-0

[Event "Moscow Smyslov-A"]
[Site "Moscow"]
[Date "2025.06.03"]
[Round "2"]
[White "Mikhnenko, Alexander"]
[Black "Titarov, Vasilii"]
[Result "0-1"]
[WhiteElo "2066"]
[BlackElo "2155"]
[PlyCount "94"]
[EventDate "2025.06.02"]
[EventType "swiss"]
[EventRounds "8"]
[EventCountry "RUS"]
[SourceTitle "CB29_2025"]
[SourceDate "2025.07.16"]
[SourceVersion "1"]
[SourceVersionDate "2025.07.16"]
[SourceQuality "1"]

1. Nf3 Nf6 2. g3 b5 3. Bg2 Bb7 4. 0-0 e6 5. d4 Be7 6. Bg5 0-0 7. Bxf6 Bxf6 8. Qd3 a6 9. Ng5 Bxg5 10. Bxb7 Ra7 11. Bg2 d5 12. a4 b4 13. e4 dxe4 14. Bxe4 g6 15. Rd1 Nd7 16. Bc6 a5 17. Nd2 Bxd2 18. Rxd2 Nb6 19. Qb5 Qd6 20. c4 bxc3 21. bxc3 Rb8 22. Be4 Nd7 23. Qc4 Nf6 24. Bf3 Nd5 25. Bxd5 exd5 26. Qe2 Rb3 27. Rc2 Rab7 28. Raa2 Kg7 29. Kg2 h5 30. h4 R7b6 31. Rab2 Qf6 32. Qd2 Qc6 33. Ra2 Qc4 34. Qe3 Re6 35. Qc1 Qd3 36. Rab2 Reb6 37. Kg1 Rxb2 38. Rxb2 Rxb2 39. Qxb2 Qd1+ 40. Kg2 Qxa4 41. Qb7 Qc4 42. Qb2 a4 43. Qa3 Qb3 44. Qe7 a3 45. Qe5+ Kf8 46. Qxc7 a2 47. Qa7 Qb1 0-1

[Event "Sochi Pearl Rapid op"]
[Site "Sochi"]
[Date "2023.10.10"]
[Round "6"]
[White "Kopyl, Artem"]
[Black "Mikhnenko, Alexander"]
[Result "1-0"]
[WhiteElo "2327"]
[BlackElo "2006"]
[PlyCount "54"]
[EventDate "2023.10.09"]
[EventType "swiss (rapid)"]
[EventRounds "11"]
[EventCountry "RUS"]
[SourceTitle "CBM 216 Extra"]
[Source "ChessBase"]
[SourceDate "2023.11.30"]
[SourceVersion "1"]
[SourceVersionDate "2023.11.30"]
[SourceQuality "1"]

1. e4 c5 2. Nf3 e6 3. c4 Nc6 4. d4 cxd4 5. Nxd4 Qb6 6. Nb3 Nf6 7. Bd3 Bb4+ 8. Nc3 Ne5 9. 0-0 Qd6 10. Nb5 Qxd3 11. Nc7+ Kd8 12. Nxa8 Nxe4 13. Qh5 f6 14. Be3 b6 15. Rfd1 Qc2 16. Nd4 Qxb2 17. Rab1 Qa3 18. Nxe6+ Ke7 19. Nxg7 Bb7 20. Nc7 Kd8 21. Nb5 Qa5 22. Qh4 Bc6 23. Nd4 Ba4 24. Rdc1 Nc3 25. Ra1 Nxc4 26. a3 Bc5 27. Ngf5 Rf8 1-0

[Event "Cheliabinsk Kurnosov Memorial Rapid"]
[Site "Cheliabinsk"]
[Date "2023.09.08"]
[Round "3"]
[White "Mikhnenko, Alexander"]
[Black "Lobanov, Sergei"]
[Result "0-1"]
[WhiteElo "2051"]
[BlackElo "2520"]
[PlyCount "96"]
[EventDate "2023.09.08"]
[EventType "swiss (rapid)"]
[EventRounds "11"]
[EventCountry "RUS"]
[SourceTitle "CBM 216 Extra"]
[Source "ChessBase"]
[SourceDate "2023.11.30"]
[SourceVersion "1"]
[SourceVersionDate "2023.11.30"]
[SourceQuality "1"]

1. d4 Nf6 2. Nf3 d5 3. e3 c5 4. dxc5 e6 5. c4 Bxc5 6. cxd5 exd5 7. Bb5+ Nc6 8. 0-0 0-0 9. Nbd2 Bg4 10. Bxc6 bxc6 11. Qc2 Qb6 12. b3 Be7 13. Bb2 c5 14. h3 Bh5 15. Nh4 Rfe8 16. Qf5 Qb4 17. Ndf3 Qe4 18. Qxe4 Nxe4 19. Nf5 Bf8 20. Rfd1 Red8 21. Rac1 f6 22. Rd3 a5 23. Nd2 Be2 24. Rcc3 Bxd3 25. Rxd3 Nxd2 26. Rxd2 a4 27. Ng3 axb3 28. axb3 Rab8 29. Ne2 Rxb3 30. Nf4 Kf7 31. h4 Rdb8 32. Bc1 Rb1 33. Ne2 c4 34. Kh2 Bd6+ 35. g3 Ke6 36. Nd4+ Kd7 37. Ne2 Rxc1 38. Nxc1 Kc6 39. Ne2 Be5 40. Kg2 Rb2 41. Rxb2 Bxb2 42. Kf1 Kc5 43. Ke1 Kb4 44. Nf4 c3 45. Nd3+ Kb3 46. Nc5+ Kc4 47. Na4 Ba3 48. Nb6+ Kb3 0-1

[Event "Cheliabinsk Lozovatsky Memorial-A"]
[Site "Cheliabinsk"]
[Date "2023.01.31"]
[Round "5"]
[White "Shafigullina, Zarina"]
[Black "Mikhnenko, Alexander"]
[Result "1-0"]
[WhiteElo "2222"]
[BlackElo "2115"]
[PlyCount "111"]
[EventDate "2023.01.27"]
[EventType "swiss"]
[EventRounds "10"]
[EventCountry "RUS"]
[SourceTitle "CBM 212 Extra"]
[Source "ChessBase"]
[SourceDate "2023.03.31"]
[SourceVersion "1"]
[SourceVersionDate "2023.03.31"]
[SourceQuality "1"]

1. d4 d5 2. c4 dxc4 3. e4 Nf6 4. e5 Nd5 5. Bxc4 Bf5 6. Qb3 c6 7. Bxd5 cxd5 8. Qxb7 Qc8 9. Qxc8+ Bxc8 10. Nc3 e6 11. f4 Ba6 12. Kf2 Nc6 13. Nf3 Rb8 14. b3 Nb4 15. Bd2 Be7 16. Kg3 Kd7 17. a3 Nd3 18. Rhb1 h6 19. h4 f6 20. b4 g5 21. b5 Bb7 22. exf6 gxf4+ 23. Kh2 Bxf6 24. Na4 Ke7 25. Rb3 Nf2 26. Bxf4 Rbg8 27. Nc5 Bc8 28. Re1 Rg4 29. g3 Rhg8 30. Re2 Ne4 31. Nxe4 dxe4 32. Rxe4 Bb7 33. Re2 Rc8 34. b6 axb6 35. Rxb6 Bd5 36. Rbxe6+ Kf7 37. R6e3 Rc1 38. Kh3 h5 39. Ne5+ Bxe5 40. Rxe5 Rh1+ 41. Rh2 Rxh2+ 42. Kxh2 Bf3 43. Kg1 Rg8 44. Kf2 Bg4 45. a4 Rc8 46. Rc5 Re8 47. Be5 Ke6 48. Ke3 Rf8 49. Bf4 Kd7 50. Rc7+ Ke6 51. a5 Rf5 52. Rc5 Rf7 53. a6 Ra7 54. Ra5 Kd7 55. Bb8 Ra8 56. a7 1-0

[Event "Cheliabinsk Lozovatsky Memorial-A"]
[Site "Cheliabinsk"]
[Date "2023.01.30"]
[Round "4"]
[White "Mikhnenko, Alexander"]
[Black "Ermakov, Maksim"]
[Result "0-1"]
[WhiteElo "2115"]
[BlackElo "2167"]
[PlyCount "92"]
[EventDate "2023.01.27"]
[EventType "swiss"]
[EventRounds "10"]
[EventCountry "RUS"]
[SourceTitle "CBM 212 Extra"]
[Source "ChessBase"]
[SourceDate "2023.03.31"]
[SourceVersion "1"]
[SourceVersionDate "2023.03.31"]
[SourceQuality "1"]

1. Nf3 c5 2. c4 Nc6 3. d4 cxd4 4. Nxd4 Nf6 5. Nc3 e6 6. Bf4 d6 7. Nxc6 bxc6 8. e4 e5 9. Be3 Ng4 10. Bc1 f5 11. exf5 Bxf5 12. Qf3 Qd7 13. Bd3 Bxd3 14. Qxd3 Be7 15. 0-0 0-0 16. h3 Nf6 17. f4 Nh5 18. fxe5 Rxf1+ 19. Qxf1 Rf8 20. Qd3 Qe6 21. Be3 Qxe5 22. Bxa7 Nf4 23. Qe4 Qg5 24. Kh1 Bf6 25. Qxc6 d5 26. Rg1 Be5 27. Bf2 h6 28. Qc5 Nh5 29. Ne2 dxc4 30. Qxc4+ Kh8 31. Qc5 Qf5 32. Bd4 Re8 33. Qb5 Re6 34. Rc1 Qe4 35. Bxe5 Rxe5 36. Qb8+ Kh7 37. Nc3 Ng3+ 38. Kh2 Qf4 39. Nd5 Nf1+ 40. Kg1 Qh2+ 41. Kxf1 Rf5+ 42. Nf4 Rxf4+ 43. Ke2 Re4+ 44. Kd3 Qxb8 45. Kxe4 Qxb2 46. Rg1 Qf2 0-1

[Event "Cheliabinsk Lozovatsky Memorial-A"]
[Site "Cheliabinsk"]
[Date "2023.01.29"]
[Round "3"]
[White "Efremov, Vladislav"]
[Black "Mikhnenko, Alexander"]
[Result "1/2-1/2"]
[WhiteElo "2218"]
[BlackElo "2115"]
[PlyCount "71"]
[EventDate "2023.01.27"]
[EventType "swiss"]
[EventRounds "10"]
[EventCountry "RUS"]
[SourceTitle "CBM 212 Extra"]
[Source "ChessBase"]
[SourceDate "2023.03.31"]
[SourceVersion "1"]
[SourceVersionDate "2023.03.31"]
[SourceQuality "1"]

1. Nf3 Nf6 2. g3 e6 3. Bg2 d5 4. d3 c5 5. 0-0 Nc6 6. Nbd2 Be7 7. e4 b6 8. Re1 Bb7 9. e5 Nd7 10. h4 h6 11. h5 Qc7 12. Qe2 0-0-0 13. a3 Rdg8 14. d4 g6 15. hxg6 fxg6 16. dxc5 bxc5 17. c4 d4 18. Ne4 Re8 19. b4 g5 20. bxc5 Nxc5 21. Nxc5 Bxc5 22. Bb2 g4 23. Nd2 h5 24. Nb3 Qe7 25. Nxc5 Qxc5 26. a4 a5 27. Red1 Rh7 28. Qe4 Rd7 29. Qg6 Red8 30. Qxe6 Qxe5 31. Qg6 Rd6 32. Qh7 R8d7 33. Qg8+ Rd8 34. Qh7 R8d7 35. Qg8+ Rd8 36. Qh7 1/2-1/2

[Event "Cheliabinsk Panchenko Memorial op-A"]
[Site "Cheliabinsk"]
[Date "2022.09.17"]
[Round "6"]
[White "Mikhnenko, Alexander"]
[Black "Melnikov, Vadim1"]
[Result "1-0"]
[WhiteElo "2064"]
[BlackElo "2037"]
[PlyCount "105"]
[EventDate "2022.09.12"]
[EventType "swiss"]
[EventRounds "10"]
[EventCountry "RUS"]
[SourceTitle "CBM 210 Extra"]
[Source "ChessBase"]
[SourceDate "2022.11.30"]
[SourceVersion "1"]
[SourceVersionDate "2022.11.30"]
[SourceQuality "1"]

1. Nf3 g6 2. d4 Bg7 3. g3 Nf6 4. Bg2 d5 5. c4 c6 6. cxd5 cxd5 7. Ne5 0-0 8. Nc3 Nc6 9. 0-0 Bf5 10. Nxc6 bxc6 11. Bf4 Nd7 12. Na4 Re8 13. Rc1 Rc8 14. Qd2 e5 15. dxe5 Nxe5 16. b3 Qe7 17. Rfe1 h5 18. h4 Nd7 19. Be3 Nf6 20. Bd4 Ne4 21. Qb2 Bxd4 22. Qxd4 c5 23. Qe3 Qd6 24. Red1 d4 25. Qh6 Nxg3 26. fxg3 Qxg3 27. Qg5 Bg4 28. Rd3 Qd6 29. e4 Re5 30. Qd2 f5 31. Rxd4 cxd4 32. Rxc8+ Kg7 33. Rc4 d3 34. exf5 Bxf5 35. Bf3 Kh7 36. Nc3 Re7 37. Kg2 Qe5 38. Nd5 Qe1 39. Qxe1 Rxe1 40. Rd4 Ra1 41. Ne3 Rxa2+ 42. Kg3 d2 43. Nxf5 gxf5 44. Bxh5 Kg7 45. Bd1 Kf6 46. Kf4 Rb2 47. h5 Ra2 48. Ra4 Rb2 49. Ra6+ Ke7 50. Rxa7+ Ke6 51. Ra1 Kf6 52. Ke3 Kg5 53. Kd3 1-0

[Event "Cheliabinsk Panchenko Memorial op-A"]
[Site "Cheliabinsk"]
[Date "2022.09.14"]
[Round "3"]
[White "Strybuk, Artsiom I"]
[Black "Mikhnenko, Alexander"]
[Result "1-0"]
[WhiteElo "2285"]
[BlackElo "2064"]
[PlyCount "67"]
[EventDate "2022.09.12"]
[EventType "swiss"]
[EventRounds "10"]
[EventCountry "RUS"]
[SourceTitle "CBM 210 Extra"]
[Source "ChessBase"]
[SourceDate "2022.11.30"]
[SourceVersion "1"]
[SourceVersionDate "2022.11.30"]
[SourceQuality "1"]

1. d4 d5 2. c4 e6 3. Nc3 c6 4. g3 Nf6 5. Bg2 Be7 6. Nf3 0-0 7. 0-0 b6 8. b3 Ba6 9. Nd2 Nbd7 10. Bb2 b5 11. e4 bxc4 12. bxc4 Nb6 13. e5 Ne8 14. c5 Bxf1 15. Bxf1 Nd7 16. Qa4 Qc7 17. Nb3 a5 18. Ne2 g6 19. Bc3 Ng7 20. Nf4 Rfc8 21. h4 f6 22. Bh3 Kf7 23. exf6 Bxf6 24. Re1 Re8 25. Bxa5 Qb7 26. a3 Nf5 27. Qb4 Reb8 28. Rxe6 Qxb4 29. axb4 Ra6 30. Bxf5 gxf5 31. Rd6 Ke8 32. Nxd5 Bd8 33. Bxd8 Rxd8 34. Nc7+ 1-0

[Event "Cheliabinsk Panchenko Memorial op-A"]
[Site "Cheliabinsk"]
[Date "2022.09.12"]
[Round "1"]
[White "Kholin, Aleksandr1"]
[Black "Mikhnenko, Alexander"]
[Result "1/2-1/2"]
[WhiteElo "2371"]
[BlackElo "2064"]
[PlyCount "31"]
[EventDate "2022.09.12"]
[EventType "swiss"]
[EventRounds "10"]
[EventCountry "RUS"]
[SourceTitle "CBM 210 Extra"]
[Source "ChessBase"]
[SourceDate "2022.11.30"]
[SourceVersion "1"]
[SourceVersionDate "2022.11.30"]
[SourceQuality "1"]

1. d4 Nf6 2. Nf3 e6 3. c4 b6 4. a3 Bb7 5. Nc3 d5 6. Bg5 Be7 7. e3 0-0 8. Rc1 Nbd7 9. cxd5 exd5 10. Bd3 c5 11. 0-0 Ne4 12. Bxe7 Qxe7 13. a4 Rac8 14. Bb1 Ndf6 15. Ne5 cxd4 16. exd4 1/2-1/2

[Event "Titled Tuesday intern op 09th Aug Late"]
[Site "Chess.com INT"]
[Date "2022.08.09"]
[Round "11"]
[White "Antonio, Jorge Carlos"]
[Black "Mikhnenko, Alexander"]
[Result "0-1"]
[WhiteElo "2277"]
[BlackElo "2035"]
[PlyCount "46"]
[EventDate "2022.08.09"]
[EventType "swiss (blitz)"]
[EventRounds "11"]
[EventCountry "USA"]
[SourceTitle "EXT 2023"]
[Source "ChessBase"]
[SourceDate "2022.10.05"]
[SourceVersion "1"]
[SourceVersionDate "2022.10.05"]
[SourceQuality "1"]

1. d4 d5 2. e3 c6 3. Nf3 Bf5 4. Bd3 Bg6 5. h4 Nf6 6. Ne5 Nbd7 7. f4 e6 8. g4 Be4 9. Bxe4 Nxe4 10. Nd2 Ndf6 11. g5 Nxd2 12. Bxd2 Ne4 13. Qf3 Bd6 14. Rh2 Bxe5 15. fxe5 Qc7 16. 0-0-0 0-0-0 17. Be1 f5 18. Bg3 h6 19. gxh6 Rxh6 20. Bf4 Rh7 21. Rg1 Rdh8 22. Rhg2 Qa5 23. Kb1 Nd2+ 0-1

[Event "Titled Tuesday intern op 09th Aug Early"]
[Site "Chess.com INT"]
[Date "2022.08.09"]
[Round "7"]
[White "Janaszak, Dawid"]
[Black "Mikhnenko, Alexander"]
[Result "1-0"]
[WhiteElo "2331"]
[BlackElo "2035"]
[PlyCount "139"]
[EventDate "2022.08.09"]
[EventType "swiss (blitz)"]
[EventRounds "11"]
[EventCountry "USA"]
[SourceTitle "EXT 2023"]
[Source "ChessBase"]
[SourceDate "2022.10.05"]
[SourceVersion "1"]
[SourceVersionDate "2022.10.05"]
[SourceQuality "1"]

1. Nc3 Nf6 2. e4 d6 3. d4 g6 4. Bf4 Bg7 5. Qd2 0-0 6. Bh6 c5 7. Nge2 Nc6 8. Bxg7 Kxg7 9. h3 cxd4 10. Nxd4 Bd7 11. Nde2 Ne5 12. Nf4 b5 13. Be2 b4 14. Ncd5 Nxe4 15. Qxb4 Nc5 16. 0-0 Rb8 17. Qa3 e6 18. Ne3 Qf6 19. g3 Nc6 20. Rad1 Qxb2 21. Qxb2+ Rxb2 22. Rxd6 Be8 23. Bc4 Ne4 24. Rdd1 Nc3 25. Rd6 Ne5 26. Bxe6 fxe6 27. Nxe6+ Kf7 28. Nxf8 Kxf8 29. Ra6 Bc6 30. f4 Nf3+ 31. Kg2 Nd4+ 32. Kh2 Nxc2 33. Nc4 Rxa2 34. Rxc6 Ne3+ 35. Kg1 Ne2+ 36. Kf2 Nxf1 37. Kxf1 Nxg3+ 38. Ke1 a5 39. Rc7 Kg8 40. Ne5 a4 41. Ng4 Ne4 42. Re7 h5 43. Nh6+ Kh8 44. Rxe4 Ra3 45. Nf7+ Kg7 46. Ng5 Ra1+ 47. Kf2 Kf6 48. Rb4 Kf5 49. Nf3 Ra2+ 50. Kg3 Ra3 51. Rb5+ Kf6 52. Ra5 Ra1 53. Kf2 a3 54. Nd2 a2 55. Ne4+ Kg7 56. Kg2 Re1 57. Ra7+ Kg8 58. Nf6+ Kf8 59. Rxa2 Kf7 60. Nh7 Kg7 61. Ng5 Kf6 62. Ra5 Rb1 63. Ne4+ Ke6 64. Re5+ Kf7 65. Kg3 Rb3+ 66. Kh4 Rf3 67. Ng5+ Kf6 68. Nxf3 g5+ 69. Rxg5 Ke6 70. Kxh5 1-0

[Event "Titled Tuesday intern op 09th Aug Late"]
[Site "Chess.com INT"]
[Date "2022.08.09"]
[Round "6"]
[White "Lopez Perdomo, Juan David"]
[Black "Mikhnenko, Alexander"]
[Result "1-0"]
[WhiteElo "2004"]
[BlackElo "2035"]
[PlyCount "45"]
[EventDate "2022.08.09"]
[EventType "swiss (blitz)"]
[EventRounds "11"]
[EventCountry "USA"]
[SourceTitle "EXT 2023"]
[Source "ChessBase"]
[SourceDate "2022.10.05"]
[SourceVersion "1"]
[SourceVersionDate "2022.10.05"]
[SourceQuality "1"]

1. e4 c5 2. d4 cxd4 3. c3 dxc3 4. Nxc3 Nc6 5. Nf3 e6 6. Bc4 a6 7. 0-0 d6 8. Qe2 b5 9. Bb3 Ra7 10. Be3 Rd7 11. Nxb5 axb5 12. Qxb5 Bb7 13. Ba4 Nge7 14. Rac1 Qa8 15. Nd4 Ba6 16. Qb6 Bxf1 17. Nxc6 Nc8 18. Qb3 Ba6 19. Nb8 Qb7 20. Bxd7+ Ke7 21. Bg5+ f6 22. Qxe6+ Kd8 23. Qe8# 1-0

[Event "Voronezh Petrovsky op"]
[Site "Voronezh"]
[Date "2022.06.10"]
[Round "1"]
[White "Lugovskoy, Maxim"]
[Black "Mikhnenko, Alexander"]
[Result "1/2-1/2"]
[WhiteElo "2400"]
[BlackElo "2048"]
[PlyCount "80"]
[EventDate "2022.06.10"]
[EventType "swiss"]
[EventRounds "9"]
[EventCountry "RUS"]
[SourceTitle "EXT 2023"]
[Source "ChessBase"]
[SourceDate "2022.10.05"]
[SourceVersion "1"]
[SourceVersionDate "2022.10.05"]
[SourceQuality "1"]

1. e4 c5 2. Nf3 e6 3. c3 d5 4. exd5 Qxd5 5. d4 Nf6 6. Be2 cxd4 7. Nxd4 Qxg2 8. Bf3 Qh3 9. Qb3 Nc6 10. c4 e5 11. Nxc6 e4 12. Nd4 exf3 13. Qb5+ Bd7 14. Qxb7 Rc8 15. Be3 Rxc4 16. Nd2 Rc8 17. Rg1 Qxh2 18. Rg3 Bd6 19. N2xf3 Qh5 20. Rg5 Qh1+ 21. Rg1 Qh5 22. Bg5 h6 23. Bxf6 Qa5+ 24. Kf1 Bh3+ 25. Rg2 gxf6 26. Kg1 Kf8 27. Nb5 Bf4 28. Re1 Qd8 29. Nxa7 Rc7 30. Qb4+ Bd6 31. Qd4 Bxg2 32. Kxg2 Rg8+ 33. Kf1 Qd7 34. Qxf6 Qh3+ 35. Ke2 Re7+ 36. Kd1 Rxe1+ 37. Kxe1 Bb4+ 38. Ke2 Rg6 39. Qh8+ Rg8 40. Qf6 Be7 1/2-1/2

[Event "Titled Tuesday intern op 17th May Late"]
[Site "Chess.com INT"]
[Date "2022.05.17"]
[Round "1"]
[White "Mikhnenko, Alexander"]
[Black "Kadric, Denis"]
[Result "1/2-1/2"]
[WhiteElo "2048"]
[BlackElo "2576"]
[PlyCount "69"]
[EventDate "2022.05.17"]
[EventType "swiss (blitz)"]
[EventRounds "11"]
[EventCountry "USA"]
[SourceTitle "CBM 208 Extra"]
[Source "ChessBase"]
[SourceDate "2022.07.31"]
[SourceVersion "1"]
[SourceVersionDate "2022.07.31"]
[SourceQuality "1"]

1. e4 d6 2. d4 g6 3. Nc3 Bg7 4. h4 Nc6 5. Be3 h5 6. Be2 Nf6 7. Qd2 Ng4 8. Bxg4 Bxg4 9. f3 Bd7 10. Nge2 b5 11. Nxb5 Rb8 12. c4 0-0 13. 0-0 a6 14. Nbc3 e5 15. d5 Nd4 16. Nxd4 exd4 17. Bxd4 Rxb2 18. Qe3 Qxh4 19. Bxg7 Kxg7 20. Rf2 Rxf2 21. Qxf2 Qxf2+ 22. Kxf2 Rb8 23. Rb1 Rxb1 24. Nxb1 Kf6 25. Ke3 g5 26. Nd2 h4 27. Nf1 Ke5 28. Nh2 f5 29. exf5 Bxf5 30. Ng4+ Bxg4 31. fxg4 Kf6 32. Ke4 Kg6 33. Kd4 Kf7 34. Kd3 Ke7 35. Ke3 1/2-1/2

[Event "Titled Tuesday intern op 17th May Early"]
[Site "Chess.com INT"]
[Date "2022.05.17"]
[Round "1"]
[White "Zhu, Jiner"]
[Black "Mikhnenko, Alexander"]
[Result "1-0"]
[WhiteElo "2464"]
[BlackElo "2048"]
[PlyCount "63"]
[EventDate "2022.05.17"]
[EventType "swiss (blitz)"]
[EventRounds "11"]
[EventCountry "USA"]
[SourceTitle "CBM 208 Extra"]
[Source "ChessBase"]
[SourceDate "2022.07.31"]
[SourceVersion "1"]
[SourceVersionDate "2022.07.31"]
[SourceQuality "1"]

1. e4 c5 2. Nf3 e6 3. d4 cxd4 4. Nxd4 Nf6 5. Nc3 Nc6 6. Ndb5 Bc5 7. Bf4 0-0 8. Qd2 a6 9. Nd6 Ne8 10. 0-0-0 Nxd6 11. Bxd6 Bxd6 12. Qxd6 Qa5 13. Kb1 b5 14. Bd3 b4 15. Ne2 Qb6 16. f4 a5 17. e5 a4 18. Be4 b3 19. cxb3 axb3 20. a3 Ra6 21. Nc3 Qe3 22. Qd2 Qc5 23. Rhe1 Na5 24. Qd4 Qc7 25. Nb5 Qb8 26. Nd6 Nc6 27. Qc3 h6 28. Re3 Qa7 29. Qxb3 Nd4 30. Qc3 Nf5 31. Bxf5 exf5 32. Nxc8 1-0

[Event "Titled Tuesday intern op 10th May Early"]
[Site "Chess.com INT"]
[Date "2022.05.10"]
[Round "7"]
[White "Horak, Martin"]
[Black "Mikhnenko, Alexander"]
[Result "1/2-1/2"]
[WhiteElo "2343"]
[BlackElo "2048"]
[PlyCount "48"]
[EventDate "2022.05.10"]
[EventType "swiss (blitz)"]
[EventRounds "11"]
[EventCountry "USA"]
[SourceTitle "CBM 208 Extra"]
[Source "ChessBase"]
[SourceDate "2022.07.31"]
[SourceVersion "1"]
[SourceVersionDate "2022.07.31"]
[SourceQuality "1"]

1. e4 c5 2. Nf3 e6 3. d4 cxd4 4. Nxd4 Nf6 5. Nc3 Nc6 6. Nxc6 bxc6 7. Bd3 d5 8. Qe2 Qa5 9. 0-0 Qc7 10. b3 Bd6 11. h3 Be5 12. Bb2 0-0 13. exd5 exd5 14. Nxd5 Bh2+ 15. Kh1 Nxd5 16. Bxh7+ Kxh7 17. Qh5+ Kg8 18. Bxg7 Kxg7 19. Qg5+ Kh7 20. Qh5+ Kg8 21. Qg5+ Kh8 22. Qh5+ Kg8 23. Qg5+ Kh8 24. Qh5+ Kg8 1/2-1/2

[Event "Titled Tuesday intern op 10th May Early"]
[Site "Chess.com INT"]
[Date "2022.05.10"]
[Round "3"]
[White "Mikhnenko, Alexander"]
[Black "Fromm, Marius"]
[Result "0-1"]
[WhiteElo "2048"]
[BlackElo "2317"]
[PlyCount "62"]
[EventDate "2022.05.10"]
[EventType "swiss (blitz)"]
[EventRounds "11"]
[EventCountry "USA"]
[SourceTitle "CBM 208 Extra"]
[Source "ChessBase"]
[SourceDate "2022.07.31"]
[SourceVersion "1"]
[SourceVersionDate "2022.07.31"]
[SourceQuality "1"]

1. e4 c5 2. Nf3 d6 3. d4 cxd4 4. Nxd4 Nf6 5. Nc3 a6 6. h3 e5 7. Nde2 h5 8. Bg5 Be6 9. g3 Nbd7 10. Bg2 Be7 11. 0-0 b5 12. f4 b4 13. Nb1 Rc8 14. c3 Qb6+ 15. Kh1 Ng4 16. f5 Bxg5 17. fxe6 fxe6 18. hxg4 hxg4+ 19. Bh3 Rxh3+ 20. Kg2 Nf6 21. Rxf6 gxf6 22. Ng1 bxc3 23. Nxh3 gxh3+ 24. Kxh3 cxb2 25. Qh5+ Kd7 26. Qf7+ Kc6 27. Qxe6 bxa1Q 28. Qxc8+ Qc7 29. Qxa6+ Kd7 30. Qb5+ Ke7 31. Qb4 Qd7+ 0-1

[Event "Titled Tuesday intern op 10th May Early"]
[Site "Chess.com INT"]
[Date "2022.05.10"]
[Round "1"]
[White "Vlassov, Nikolai"]
[Black "Mikhnenko, Alexander"]
[Result "0-1"]
[WhiteElo "2294"]
[BlackElo "2048"]
[PlyCount "120"]
[EventDate "2022.05.10"]
[EventType "swiss (blitz)"]
[EventRounds "11"]
[EventCountry "USA"]
[SourceTitle "CBM 208 Extra"]
[Source "ChessBase"]
[SourceDate "2022.07.31"]
[SourceVersion "1"]
[SourceVersionDate "2022.07.31"]
[SourceQuality "1"]

1. e4 c5 2. c3 e6 3. d4 d5 4. exd5 exd5 5. Nf3 Nf6 6. Be3 cxd4 7. Nxd4 Nc6 8. Be2 Be7 9. 0-0 0-0 10. Nd2 Nxd4 11. Bxd4 Be6 12. Re1 Re8 13. Nf1 Rc8 14. Ne3 Bc5 15. Bf3 Qb6 16. Bxc5 Rxc5 17. Rb1 Rd8 18. Qd4 Rb5 19. Qxb6 Rxb6 20. Red1 Rd7 21. Rd4 h6 22. Kf1 Ne4 23. Nxd5 Rxd5 24. Rxe4 Rd2 25. Rb4 Rxb4 26. cxb4 Bxa2 27. Ra1 Rxb2 28. Bxb7 Rxb4 29. Bc6 Rb1+ 30. Rxb1 Bxb1 31. Ke2 Kf8 32. Ke3 Ke7 33. Kd4 Kd6 34. Be8 f6 35. f4 a5 36. Kc4 Be4 37. g3 Bc6 38. Bf7 Bd7 39. Bg6 Kc6 40. Be4+ Kb6 41. f5 Bb5+ 42. Kd4 a4 43. Bd5 a3 44. Be6 Bd7 45. Kc3 Bxe6 46. fxe6 Kc6 47. Kb3 Kd6 48. Kxa3 Kxe6 49. Kb3 Ke5 50. Kc4 Ke4 51. Kc5 f5 52. Kd6 g5 53. Ke6 f4 54. g4 f3 55. Kf6 f2 56. Kg6 f1Q 57. Kxh6 Qh3+ 58. Kxg5 Qxh2 59. Kg6 Kf4 60. g5 Qh4 0-1

[Event "Titled Tuesday intern op 03rd May Early"]
[Site "Chess.com INT"]
[Date "2022.05.03"]
[Round "4"]
[White "Bartel, Michal"]
[Black "Mikhnenko, Alexander"]
[Result "1-0"]
[WhiteElo "2195"]
[BlackElo "2048"]
[PlyCount "65"]
[EventDate "2022.05.03"]
[EventType "swiss (blitz)"]
[EventRounds "11"]
[EventCountry "USA"]
[SourceTitle "CBM 208 Extra"]
[Source "ChessBase"]
[SourceDate "2022.07.31"]
[SourceVersion "1"]
[SourceVersionDate "2022.07.31"]
[SourceQuality "1"]

1. e4 c5 2. Ne2 e6 3. g3 d5 4. Bg2 Nf6 5. exd5 exd5 6. d4 Nc6 7. 0-0 Be7 8. Nbc3 Be6 9. Re1 0-0 10. dxc5 Bxc5 11. Nf4 Ng4 12. Nd3 Bb6 13. Na4 Ba5 14. Rxe6 fxe6 15. Qxg4 Qf6 16. Nac5 Rae8 17. Nd7 Qf5 18. Qg5 Qxg5 19. Bxg5 Rf5 20. Be3 d4 21. Bf4 e5 22. Bxc6 bxc6 23. Bxe5 Re7 24. Nb8 Rfxe5 25. Nxe5 Rxe5 26. Nxc6 Rc5 27. Nxa5 Rxa5 28. Kf1 Rc5 29. Rc1 d3 30. c4 d2 31. Rd1 Rxc4 32. Rxd2 Rc1+ 33. Ke2 1-0